West Africa : (Record no. 23484)
[ view plain ]
| 000 -LEADER | |
|---|---|
| fixed length control field | 00928nam a2200289 i 4500 |
| 001 - CONTROL NUMBER | |
| control field | 23484 |
| 003 - CONTROL NUMBER IDENTIFIER | |
| rucl marc code | BD-RjUL |
| 005 - DATE AND TIME OF LATEST TRANSACTION | |
| control field | 20211209000933.0 |
| 008 - FIXED-LENGTH DATA ELEMENTS--GENERAL INFORMATION | |
| fixed length control field | 140311s1961 nyuab b 001 0 eng d |
| 035 ## - SYSTEM CONTROL NUMBER | |
| System control number | (OCoLC)ocm05039984 |
| System control number | (BD-RjUL)23549 |
| System control number | (NNC)2377026 |
| 040 ## - CATALOGING SOURCE | |
| Original cataloging agency | EEA |
| Transcribing agency | EEA |
| Modifying agency | ZCU |
| -- | BD-RjUL |
| Language of cataloging | eng |
| 041 ## - LANGUAGE CODE | |
| Language code of text/sound track or separate title | eng |
| 082 ## - DEWEY DECIMAL CLASSIFICATION NUMBER | |
| Classification number | 916.6 |
| Author mark and year | CHW 1961 |
| 090 ## - LOCALLY ASSIGNED LC-TYPE CALL NUMBER (OCLC); LOCAL CALL NUMBER (OCLC) | |
| Classification number (OCLC) (R) ; Classification number, CALL (RLIN) (NR) | GF721.W5 |
| Local cutter number (OCLC) ; Book number/undivided call number, CALL (RLIN) | C47 1961 |
| 100 1# - MAIN ENTRY--PERSONAL NAME | |
| Personal name | Church, R. J. Harrison |
| Fuller form of name | (Ronald James Harrison) |
| 9 (RLIN) | 67358 |
| 245 10 - TITLE STATEMENT | |
| Title | West Africa : |
| Remainder of title | a study of the environment and of man's use of it / |
| Statement of responsibility, etc. | R. J. Harrison Church. |
| 250 ## - EDITION STATEMENT | |
| Edition statement | 3d ed. |
| 260 ## - PUBLICATION, DISTRIBUTION, ETC. (IMPRINT) | |
| Place of publication, distribution, etc. | New York : |
| Name of publisher, distributor, etc. | Wiley, |
| Date of publication, distribution, etc. | c1961. |
| 300 ## - PHYSICAL DESCRIPTION | |
| Pagination | xxvii, 547 p. : |
| Illustrations | ill., maps ; |
| Size | 22 cm. |
| 490 1# - SERIES STATEMENT | |
| Series statement | Geographies for advanced study |
| 504 ## - BIBLIOGRAPHY, ETC. NOTE | |
| Bibliography, etc | Includes bibliographies and index. |
| 650 #0 - SUBJECT ADDED ENTRY--TOPICAL TERM | |
| Topical term or geographic name as entry element | Human geography |
| Geographic subdivision | Africa, West. |
| 9 (RLIN) | 72321 |
| 830 #0 - SERIES ADDED ENTRY--UNIFORM TITLE | |
| Uniform title | Geographies for advanced study. |
| 942 ## - ADDED ENTRY ELEMENTS (KOHA) | |
| Source of classification or shelving scheme | Dewey Decimal Classification |
| Koha item type | Books |
| Lost status | Source of classification or shelving scheme | Damaged status | Not for loan | Collection code | Permanent Location | Current Location | Shelving location | Date acquired | Source of acquisition | Cost, normal purchase price | Total Checkouts | Full call number | Date last seen | Copy number | Koha item type |
|---|---|---|---|---|---|---|---|---|---|---|---|---|---|---|---|
| Dewey Decimal Classification | Added to bundle | Non-fiction | Central Library, University of Rajshahi | Central Library, University of Rajshahi | Reading Room | 20/10/1962 | Zitlinger | 50.00 | 916.6 CHW 1961 | 11/03/2014 | C-1 | Books |